| 000 | 01329ngm a22004090a 4500 | ||
|---|---|---|---|
| 001 | PT16379 | ||
| 003 | AR-LpoUNG | ||
| 005 | 20210202000204.0 | ||
| 007 | vd cvaizq | ||
| 008 | 191001s2003||||ag |||||||||||||||||spa d | ||
| 037 | _c$13.30 | ||
| 037 | _c$6 | ||
| 037 | _c$8.75 | ||
| 040 |
_aAR-LpoUNG _bspa _cAR-LpoUNG _eaacr |
||
| 041 | _aspa | ||
| 044 | _aag | ||
| 082 | 0 | _a302.5 714his | |
| 100 | 1 |
_aSorin, Carlos _edir. |
|
| 245 | 1 | 0 | _aHistorias mínimas |
| 260 |
_aBuenos Aires : _bTranseuropa Video Entertainment, _c2003. |
||
| 300 | _aDVD (94 min.) : son., col. | ||
| 505 | 0 | _aMúsica: Nicolás Sorín; fotografía: Hugo Colage. Hecha en 2002. Elenco: Javiera Bravo, Antonio Benedictis, Javier Lombardo. | |
| 520 | _aTres personajes viajan por las solitarias rutas de la Patagonia, cada uno con propósitos y destinos diferentes, asi se van tejiendo cada una de estos fragmentos de vida que se entrecrusan en los escazos paradores del camino. | ||
| 650 | 4 | _aARGENTINA | |
| 650 | 4 | _aDRAMA | |
| 650 | 4 | _aINDIVIDUOS | |
| 650 | 4 | _aRELACIONES HUMANAS | |
| 650 | 4 | _aSOCIEDAD | |
| 651 | 4 | _aArgentina | |
| 653 | _aCINE ARGENTINO | ||
| 653 | _aDVD | ||
| 653 | _aVIDEOS | ||
| 710 | 2 | _aGuacamole Films (firma comercial) | |
| 710 | 2 | _aWanda Vision (firma comercial) | |
| 905 | _a16379 | ||
| 942 | _cDVD | ||
| 999 |
_c54302 _d54302 |
||